| 000 | 00572nam a2200169 a 4500 | ||
|---|---|---|---|
| 008 | 120416s1970 ||||||||||||||||| || u | ||
| 050 | _aNA 2700 Mar | ||
| 100 | _aMartin, C. Leslie | ||
| 245 | 1 | 0 | _aArchitectural graphics |
| 250 | _a2nd ed. | ||
| 260 |
_aNew York _bMacmillan _c1970 |
||
| 300 | _axiv, 239p. | ||
| 350 | _a0.00 | ||
| 650 | _aARCHITECTURAL DESIGN--EVALUATION | ||
| 650 | _aGRAPHICS--ARCHITECTURE | ||
| 995 |
_D0.00 _FCBU-MAIN LIBRARY (Kitwe) _H1 _I0.00 _M1 _UAVAILABLE _ZAnnex Low-Usage Collection |
||
| 999 |
_c34746 _d34746 |
||